000 00392nam a2200109Ia 4500
008 160909s9999 xx 000 0 und d
100 _aDudley, Nancy Elizabeth
245 _aFactors Influencing the Uptake of Community-based Palliative Care
260 _bUniversity of California, San Francisco.
_c2016
650 _aNursing
856 _uhttp://pqdtopen.proquest.com/doc/1802526284.html?FMT=ABS
999 _c303919
_d303919